000 00399nam a2200121Ia 4500
008 220615s9999||||xx |||||||||||||| ||und||
245 0 _aAdvanced Biosignal Processing and Diagnostic Methods
546 _aEnglish[eng]
650 _aMedical bioinformatics
700 _aHintermüller, Christoph
856 _uhttps://mts.intechopen.com/storage/books/5300/authors_book/authors_book.pdf
942 _cEB
999 _c17365
_d17365